Score 0/15 Timer 01:00
1 Play Today
Clue 4-Letter Word % Correct
'A ___ of Two Cities'TALE
97.4%
Garden tool for collecting leavesRAKE
90.8%
○ With [first rung] and [last rung], capital of Utah ○LAKE
90%
○ With [middle rung] and [last rung], capital of Utah ○SALT
89.6%
'Leaves of Grass' poet WhitmanWALT
86.3%
Utter words or converseTALK
86.3%
Domesticated or subduedTAME
81.6%
○ With [first rung] and [middle rung], capital of Utah ○CITY
81.2%
Clue 4-Letter Word % Correct
Like a horse with a bum legLAME
80.6%
Synonym for a base on ballsWALK
79.7%
A flatbread that forms a pocketPITA
73%
40's Bombshell actress HayworthRITA
69.9%
Sympathetic sorrow for sufferingPITY
65.8%
Communion, confirmation, or marriage, e.g.RITE
62.6%
A change in something over a change in timeRATE
59.4%

Today's Daily Dose

Missing Word
I Hardly Know Her!

Word Ladder
Sentence Ending

Quick Pick
Female Firsts

Get the Picture
Triathlon Sports

Remove Ads.
Support Sporcle.
Get the best of Sporcle when you Go Orange. This ad-free experience offers more features, more stats, and more fun while also helping to support Sporcle. Thank you for becoming a member.

You're not logged in!

Compare scores with friends on all Sporcle quizzes.
OR
Log In

Show Comments

Extras

Top Quizzes Today


Score Distribution

Your Account Isn't Verified!

In order to create a playlist on Sporcle, you need to verify the email address you used during registration. Go to your Sporcle Settings to finish the process.

Report this User

Report this user for behavior that violates our Community Guidelines.

Details: